| 000 | 00873nmm a2200277 a 4500 | ||
|---|---|---|---|
| 001 | ocm000577131 | ||
| 003 | TR-IsHL | ||
| 005 | 20201028122730.0 | ||
| 008 | 110704s2009 tu tur | ||
| 007 | cr cn | ||
| 020 | _a9789758312290 | ||
| 035 |
_a577131 _b(N$T) |
||
| 050 | 0 | 4 |
_aBP189.3 _b.B35 2009 |
| 090 | 0 | 4 |
_aBP189.3 _b.B35 2009 |
| 100 | 1 | _aBaldock, John | |
| 245 | 1 | 0 |
_aSufizm: gizli öğretisi _h[electronic resource] / _cJohn Baldock |
| 250 | _a2. bs. | ||
| 260 |
_aİstanbul : _bSınırötesi Yayınları, _c2009 |
||
| 300 | _a369 p. | ||
| 650 | 4 | _aFelsefe, Psikoloji ve Din | |
| 650 | 4 | _aPhilosophy, Psychology and Religion | |
| 650 | 0 |
_aSufizm _x Doktrinler |
|
| 650 | 0 |
_aSufism _x Doctrines |
|
| 650 | 7 |
_aRELIGION / Islam / Sufi _2bisacsh |
|
| 856 | 4 | 0 | _uhttp://search.ebscohost.com/login.aspx?direct=true&scope=site&db=e011xww&AN=577131 |
| 999 |
_c2026 _d2026 |
||